U.S. States With the Least Walmarts - Statistics

General Stats
  • This quiz has been taken 244 times
  • The average score is 11 of 17
Answer Stats
# State % Correct
12 Hawaii
83%
9 Alaska
82%
25 Maine
80%
14 Wyoming
80%
6 Vermont
79%
17 North Dakota
73%
9 Rhode Island
73%
17 South Dakota
72%
16 Montana
68%
10 Delaware
65%
0.56 New York
58%
0.94 Connecticut
56%
0.79 California
48%
0.69 Massachusetts
48%
0.97 Maryland
44%
0.76 New Jersey
43%
0.83 Washington
40%
No matching quizzes found
Score Distribution
Percent of People with Each Score
Percentile by Number Answered
Your Score History
You have not taken this quiz